Statistics for Nonsense Words #7

Click here to take the quiz!

General Stats

  • This quiz has been taken 30 times
  • The average score is 8 of 13

Answer Stats

Answer % Correct
Voodoozing
79%
Eskimohawk
75%
Familychee
71%
Zenitheory
71%
Butterotic
71%
Balladonis
67%
Fiestahini
63%
Sodiumlaut
50%
Wasabikini
50%
Toiletoile
50%
Oregonions
46%
Forgottawa
46%
Alpacasino
42%

Score Distribution

Percentile by Number Answered

Percent of People with Each Score

Your Score History

You have not taken this quiz